Security+ guide to network security fundamentals / (رقم التسجيلة. 40399)

تفاصيل مارك
000 -الفاتح
حقل البيانات ثابتة الطول 01073cam a2200301 i 4500
001 - رقم الضبط
رقم الضبط 19199269
003 - محدد رقم الضبط
رقم الضبط OSt
005 - وقت وتاريخ اخر تعامل مع التسجيلة
رقم الضبط 20170803195018.0
008 - عناصر البيانات ثابتة الطول - معلومات عامة
حقل البيانات ثابتة الطول 160729s2015 maua b 001 0 eng
010 ## - رقم ضبط مكتبة الكونجرس
رقم ضبط مكتبة الكونجرس 2016303893
020 ## - الرقم الدولى المعيارى للكتب
الرقم الدولى المعيارى للكتاب 9781305093942 (book only)
020 ## - الرقم الدولى المعيارى للكتب
الرقم الدولى المعيارى للكتاب 9781305093911 (package)
040 ## - مصدر الفهرسة
وكالة الفهرسة الأصلية DLC
لغة الفهرسة eng
قواعد الوصف rda
وكالة النسخ DLC
وكالة التعديل DLC
042 ## - رمز التحقق
رمز التحقق pcc
050 00 - رقم طلب مكتبة الكونجرس
رقم التصنيف TK5105.59
رقم المادة .C52 2015
082 00 - رقم تصنيف ديوى العشرى
رقم التصنيف 005.8
رقم الطبعة 23
رقم المادة CMS
100 1# - المدخل الرئيسى - إسم شخصى
الإسم الشخصى Ciampa, Mark D.,
الدور author.
9 (RLIN) 58417
245 10 - بيان العنوان
العنوان Security+ guide to network security fundamentals /
بيان المسئوليه,etc Mark Ciampa, Ph.D.
246 10 - العنوان الموازى
عنوان صحيح/عنوان مختصر CompTIA Security+ guide to network security fundamentals
246 10 - العنوان الموازى
عنوان صحيح/عنوان مختصر Security and guide to network security fundamentals
250 ## - بيان الطبعة
بيان الطبعة Fifth edition.
300 ## - الوصف المادى
التعداد xxiii, 696 pages :
تفاصيل ماديه اخرى للوعاء illustrations ;
أبعاد الوعاء 24 cm
504 ## - تبصرة ببليوجرافية
تبصرة ببليوجرافية,الخ Includes bibliographical references and index.
650 #0 - المدخل الاضافى بالموضوع-مصطلح موضوعى
مصطلح موضوعي أو اسم جغرافي كعنصر مدخل Computer networks
التقسيم الفرعي العام Security measures
-- Examinations
التقسيم الفرعي الشكلي Study guides.
9 (RLIN) 8452
906 ## - عنصر بيانات محلى F, LDF (RLIN)
a 7
b cbc
c orignew
d 2
e ncip
f 20
g y-gencatlg
942 ## - عناصر المدخل الإضافي( كوها)
مصدر التصنيف او مخطط الترفيف Dewey Decimal Classification
Koha [default] item type كتاب
المقتنيات
حالة الفقد نموذج السعر الفعال حالة تلف ليس للاعارة رقم الطلب تاريخ الاكتساب الموقع الحالي الباركود الفرع الرئيسي Date last seen نوع المادة فى نظام كوها مصدر التصنيف او خطة الترفيف Total Checkouts
  2017-08-03     005.8 CMS 2017-08-03 المكتبة المركزية بالمجمعة (CL) 00656083 المكتبة المركزية بالمجمعة (CL) 2017-08-03 كتاب Dewey Decimal Classification  
  2017-08-03     005.8 CMS 2017-08-03 المكتبة المركزية بالمجمعة (CL) 00656084 المكتبة المركزية بالمجمعة (CL) 2017-08-03 كتاب Dewey Decimal Classification  
  2017-08-03     005.8 CMS 2017-08-03 المكتبة المركزية بالمجمعة (CL) 00656085 المكتبة المركزية بالمجمعة (CL) 2017-08-03 كتاب Dewey Decimal Classification